| 000 | 01101nam a22003017a 4500 | ||
|---|---|---|---|
| 999 |
_c21436 _d21436 |
||
| 003 | AR-CdUCM | ||
| 008 | 190220b ||||| |||| 00| 0 spa d | ||
| 020 | _a9789972511202 | ||
| 040 |
_aMUNICIPALIDAD PROVINCIAL DEL CUSCO _cBIBLIOTECA MUNICIPAL DEL CUSCO |
||
| 082 |
_a985.008/R84R _bR84R |
||
| 100 |
_aRostworowski de Diez Canseco, María _97375 |
||
| 245 |
_aRecursos naturales renovables y pesca, siglos XVI y XVII ; Curacas y sucesiones : _bcosta norte / _cMaría Rostworowski |
||
| 260 |
_aLima : _bInstituto de Estudios Peruanos, IEP, _c2017. |
||
| 300 |
_a330 páginas ; _bilustraciones, (algunas col.), mapas, planos ; _c24 cm. |
||
| 440 |
_aSerie Historia Andina, _n29. _944765 |
||
| 500 | _aBibliografía: p. [305]-330. | ||
| 650 |
_aHistoria _944766 |
||
| 650 |
_aPesca _97137 |
||
| 650 |
_aPescadores _912591 |
||
| 650 |
_aÉpoca Colonial _944767 |
||
| 650 |
_aCaciques _92777 |
||
| 650 |
_aAspectos sociales _9262 |
||
| 650 |
_aSiglos XVI-XVII _944768 |
||
| 650 |
_aPerú _944764 |
||
| 710 |
_aInstituto de Estudios Peruanos (Lima) _99759 |
||
| 942 |
_2ddc _cLIBROS |
||
| 945 | _aRoel | ||